Valtioita rajattujen satelliittikuvien mukaan #1 - Statistics

Yleistilastot
  • Tätä visaa on pelattu 322 kertaa
  • Keskiarvotulos 10 / 15
Vastaustilastot
Kuvavisa Vastaus % Oikein
Italia
95%
Kypros
91%
Ranska
86%
Taiwan
79%
Kuuba
77%
Turkki
77%
Filippiinit
76%
Kreikka
70%
Madagaskar
65%
Indonesia
62%
Kanada
56%
Saksa
51%
Venäjä
45%
Panama
40%
Irak
27%
Ehtoja vastaavia visoja ei löytynyt
Tulosjakauma
Jokaisen tuloksen saaneiden osuus
Persentiili vastausten määrän mukaan
Tuloshistoriasi
Et ole pelannut tätä visaa